| 000 | 00695nam a22001817a 4500 | ||
|---|---|---|---|
| 020 | _qHard Cover. | ||
| 082 | _a004 | ||
| 100 | _aAli Raza, Ahmad Naeem ul Hassan, Humad Ahmed, Adil Bin Shabbir and Muhammad Abu Bakar | ||
| 245 |
_aGLOBALIZAITON _cAhmad Ali Raza, Naeem ul Hassan, Humad Ahmed, Adil Bin Shabbir, Muhammad Abu Bakar |
||
| 260 |
_aIslamabad : _bSEECS - NUST, _cNUST, |
||
| 300 |
_a47 p. : ill. ; _c30cm. |
||
| 563 | _ahbk. | ||
| 650 |
_aComputer Science Engineering-Project Report _931419 |
||
| 700 |
_aMr. Muhammad Yousaf _931155 |
||
| 856 | _uhttp://10.250.8.41:8080/xmlui/handle/123456789/28918 | ||
| 942 |
_2ddc _cPR |
||
| 999 |
_c540431 _d540431 |
||